Statistiche per Tipi di Ingegneria (Corsi di Laurea)

Clicka qui per fare il quiz!

Statistiche generali

  • Questo quiz è stato fatto 222 volte
  • Il punteggio medio è 13 su 29

Statistiche sulle risposte

Corso di Laurea% Corretto
Ingegneria meccanica
85%
Ingegneria gestionale
78%
Ingegneria chimica
75%
Ingegneria aerospaziale
74%
Ingegneria civile
73%
Ingegneria informatica
73%
Ingegneria elettronica
68%
Ingegneria fisica
67%
Ingegneria biomedica
65%
Ingegneria edile
64%
Ingegneria matematica
53%
Ingegneria elettrica
50%
Ingegneria navale
46%
Ingegneria energetica
41%
Ingegneria industriale
38%
Ingegneria nucleare e della sicurezza e protezione
37%
Ingegneria aeronautica
36%
Ingegneria spaziale
34%
Ingegneria dei materiali
25%
Ingegneria meccatronica
25%
Ingegneria delle telecomunicazioni
22%
Ingegneria per l’ambiente e il territorio
22%
Ingegneria dell’automazione
21%
Ingegneria dell’autoveicolo
18%
Ingegneria del cinema e dei mezzi di comunicazione
17%
Ingegneria dell’informazione
13%
Ingegneria dei sistemi industriali ed elettronici
11%
Ingegneria musicale
10%
Ingegneria clinica
8%

Distribuzione punteggi

Percentile per numero di risposta

Percentuale di utenti per punteggio

I tuoi punteggi nel tempo

Non hai fatto questo quiz